|
|
|
|
| LEADER |
01256nam a2200337 a 4500 |
| 001 |
38602 |
| 003 |
BD-DhAAL |
| 005 |
20220720112015.0 |
| 008 |
220720t2004 enka b 001 0aeng d |
| 999 |
|
|
|c 44601
|d 44601
|
| 010 |
|
|
|a 2005270242
|
| 020 |
|
|
|a 0195799844
|
| 035 |
|
|
|a (OCoLC)ocm56502885
|
| 040 |
|
|
|a WUL
|c WUL
|d DLC
|d BD-DhAAL
|
| 042 |
|
|
|a lccopycat
|
| 043 |
|
|
|a a-pk---
|
| 050 |
0 |
0 |
|a KPL110.M53
|b A3 2004
|
| 082 |
|
|
|a 347.5491014092
|
| 100 |
1 |
|
|a Mian, Ajmal.
|9 50004
|
| 245 |
1 |
2 |
|a A judge speaks out /
|c Ajmal Mian.
|
| 260 |
|
|
|a Oxford ;
|a New York :
|b Oxford University Press,
|c 2004.
|
| 300 |
|
|
|a viii, 383 pages :
|b illustrations ;
|c 23 cm.
|
| 504 |
|
|
|a Includes bibliographical references (pages [361]-370) and index.
|
| 541 |
|
|
|a Donated By Akbar Ali Khan
|e 38602
|
| 600 |
1 |
0 |
|a Mian, Ajmal.
|9 50004
|
| 610 |
1 |
0 |
|a Pakistan.
|b Supreme Court.
|9 50005
|
| 650 |
|
0 |
|a Judges
|z Pakistan
|v Biography.
|9 50006
|
| 651 |
|
0 |
|a Pakistan
|x Politics and government
|y 20th century.
|9 50007
|
| 852 |
|
|
|a Ayesha Abed Library
|c Akbar Ali Khan Collection
|
| 942 |
|
|
|2 ddc
|c BK
|
| 952 |
|
|
|0 0
|1 0
|2 ddc
|4 0
|6 347_549101409200000_MIA
|7 1
|9 71293
|a BRACUL
|b BRACUL
|c AAKC
|d 2022-07-20
|e Donated by Akbar Ali Khan
|l 0
|o 347.5491014092 MIA
|p 3010038602
|r 2022-07-20
|t 1
|w 2022-07-20
|y BK
|